• 首页
  • 本馆介绍
  • 公告通知
  • 最新文献
  • 馆藏检索
  • 电子资源
  • 读者导购
  • 参考咨询
  • 我的图书馆
  • 登录
  • 详细信息显示
  • 放入我的书架
  • 预约/预借图书
  • 作者相关作品
  • 分类相关作品
  • 丛书相关作品
  • 出版社相关作品

书目信息

  • 表格格式
  • 工作单格式
  • 卡片格式
题名:
电视采访学
    
 
作者: 雷蔚真 , 朱羽君 编著
分册:  
出版信息: 北京   中国人民大学出版社  2010
页数: 279页
开本: 23cm
丛书名:
单 册:
中图分类: G222.1
科图分类:
主题词: 电视新闻--新闻采访--高等学校--教材 , 电视新闻 , 新闻采访
电子资源:
ISBN: 978-7-300-12108-6
000 01029nam0 2200301 45
001 1130685140
005 20110310092328.78
010    @a978-7-300-12108-6@dCNY29.80
100    @a20110121d2010 em y0chiy50 ea
101 0  @achi
102    @aCN@b110000
105    @aa z 000yy
106    @ar
200 1  @a电视采访学@ADian Shi Cai Fang Xue@f雷蔚真,朱羽君编著@FLei Wei Zhen, Zhu Yu Jun Bian Zhu
205    @a2版
210    @a北京@c中国人民大学出版社@d2010
215    @a279页@c图@d23cm
300    @a21世纪新闻传播学系列教材/方汉奇主编
300    @a电视纪实之一
330    @a本书分为九章,主要介绍了记者——电视采访的主体、寻找采访线索、电视采访的整体策划、现场取材的方式与内容、几种特殊的采访类型、记者的画外采访等内容。
606 0  @a电视新闻@x新闻采访@x高等学校@x教材
606 0  @a电视新闻
606 0  @a新闻采访
690    @aG222.1@v4
701  0 @a雷蔚真@ALei Wei Zhen@4编著
701  0 @a朱羽君@AZhu Yu Jun@c(女,@f1937~)@4编著
801  0 @aCN@bTANGWEI@c20110310
905    @b0531254-57@dG222.1@e118=2@f4
    
    电视采访学/雷蔚真,朱羽君编著.-2版.-北京:中国人民大学出版社,2010
    279页:图;23cm
    21世纪新闻传播学系列教材/方汉奇主编.-电视纪实之一
    
    ISBN 978-7-300-12108-6:CNY29.80
    本书分为九章,主要介绍了记者——电视采访的主体、寻找采访线索、电视采访的整体策划、现场取材的方式与内容、几种特殊的采访类型、记者的画外采访等内容。
●
相关链接 在E读中查询图书 在五车中查询图书 在当当中查询图书 在豆瓣中查询图书


正题名:电视采访学     索取号:G222.1/118=2         预约/预借

序号 登录号 条形码 馆藏地/架位号 状态 备注
1 0531254   205312543   第一样本阅览室/ [索取号:G222.1/118=2] 在馆    
2 0531255   205312552   第四借阅区/ [索取号:G222.1/118=2] 在馆    
3 0531256   205312561   第四借阅区/ [索取号:G222.1/118=2] 在馆    
4 0531257   205312570   密集书库-文学院/ [索取号:G222.1/118=2] 在馆    
唐山师范学院图书馆 欢迎您!
大连网信软件有限公司© 版权所有